[Event "Pan American Intercollegiate-chT"]
[Site "Cleveland"]
[Date "2015.12.28"]
[Round "3"]
[White "Durarbayli, Vasif"]
[Black "Kosintseva, Nadezhda"]
[Result "0-1"]
[WhiteElo "2616"]
[BlackElo "2471"]
[PlyCount "146"]
[EventDate "2015.12.27"]
[EventType "team-swiss"]
[EventRounds "6"]
[EventCountry "USA"]
[SourceTitle "CBM 170 Extra"]
[Source "ChessBase"]
[SourceDate "2016.02.25"]
[SourceVersion "1"]
[SourceVersionDate "2016.02.25"]
[SourceQuality "1"]
[WhiteTeam "Webster Univ"]
[BlackTeam "Dallas Texas Univ II"]
[WhiteTeamCountry "USA"]
[BlackTeamCountry "USA"]

1. d4 Nf6 2. Nf3 d5 3. g3 e6 4. Bg2 Be7 5. 0-0 0-0 6. c4 dxc4 7. Qc2 a6 8. a4 Bd7 9. Qxc4 Bc6 10. Bg5 a5 11. Nc3 Na6 12. Bxf6 Bxf6 13. e4 Nb4 14. Rfd1 b6 15. Qe2 Bb7 16. Rac1 Re8 17. h4 h6 18. Qe3 Rc8 19. Qf4 Ba6 20. Bf1 Bxf1 21. Kxf1 c6 22. Qe3 Qc7 23. Kg2 Red8 24. Rd2 Qb8 25. Rcd1 Be7 26. Qe2 Bf6 27. Nh2 c5 28. d5 exd5 29. Nxd5 Nxd5 30. Rxd5 Re8 31. b3 Rc6 32. Qc4 Rce6 33. Re1 Qb7 34. Nf3 Qc6 35. Qd3 Be5 36. Rd8 Rxd8 37. Qxd8+ Kh7 38. Qd5 Qc7 39. Rd1 Qe7 40. Qa8 g6 41. h5 gxh5 42. Rd5 Bf6 43. Rf5 Kg7 44. Nd2 h4 45. Rf4 Bg5 46. Rg4 h5 47. gxh4 hxg4 48. hxg5 Qxg5 49. Nf1 Qf4 50. Ng3 Qf3+ 51. Kg1 Kh7 52. Qd5 Rh6 53. Nh5 g3 54. Nxg3 Rf6 55. Nf5 Rxf5 56. Qxf5+ Qxf5 57. exf5 Kg7 58. Kg2 Kf6 59. Kg3 Kxf5 60. Kf3 Kf6 61. Kf4 Ke6 62. Ke4 f6 63. Kf4 Kd5 64. Kf5 c4 65. bxc4+ Kxc4 66. Kxf6 b5 67. axb5 Kxb5 68. f4 a4 69. f5 a3 70. Ke7 a2 71. f6 a1Q 72. f7 Qg7 73. Ke8 Kc6 0-1

[Event "Dallas UT Fall op"]
[Site "Dallas"]
[Date "2015.11.24"]
[Round "8"]
[White "Li, Ruifeng"]
[Black "Kosintseva, Nadezhda"]
[Result "1/2-1/2"]
[WhiteElo "2444"]
[BlackElo "2483"]
[PlyCount "77"]
[EventDate "2015.11.20"]
[EventType "swiss"]
[EventRounds "9"]
[EventCountry "USA"]
[SourceTitle "CBM 169 Extra"]
[Source "ChessBase"]
[SourceDate "2015.12.18"]
[SourceVersion "1"]
[SourceVersionDate "2015.12.18"]
[SourceQuality "1"]

1. e4 c5 2. Nf3 Nc6 3. d4 cxd4 4. Nxd4 e5 5. Nb5 a6 6. Nd6+ Bxd6 7. Qxd6 Qf6 8. Qd1 Qg6 9. Nc3 d5 10. Nxd5 Qxe4+ 11. Ne3 Nge7 12. Bd3 Qh4 13. 0-0 0-0 14. c3 Be6 15. g3 Qh3 16. Be4 Rad8 17. Qe2 Bc8 18. b3 Rfe8 19. Ba3 Qe6 20. Rad1 f5 21. Bg2 e4 22. Rxd8 Rxd8 23. Rd1 Rxd1+ 24. Qxd1 b5 25. f3 exf3 26. Qxf3 g6 27. h3 Kf7 28. Nd5 Qe1+ 29. Kh2 Ne5 30. Qe3 Qxe3 31. Nxe3 Ke6 32. Kg1 Bd7 33. Nc2 N5c6 34. Kf2 Nd5 35. Bb2 Kd6 36. Ne3 Nce7 37. a3 Bc6 38. Bxd5 Nxd5 39. Nxd5 1/2-1/2

[Event "Dallas UT Fall op"]
[Site "Dallas"]
[Date "2015.11.21"]
[Round "2"]
[White "Panchanatham, Vignesh"]
[Black "Kosintseva, Nadezhda"]
[Result "1/2-1/2"]
[WhiteElo "2307"]
[BlackElo "2483"]
[PlyCount "106"]
[EventDate "2015.11.20"]
[EventType "swiss"]
[EventRounds "9"]
[EventCountry "USA"]
[SourceTitle "CBM 169 Extra"]
[Source "ChessBase"]
[SourceDate "2015.12.18"]
[SourceVersion "1"]
[SourceVersionDate "2015.12.18"]
[SourceQuality "1"]

1. d4 Nf6 2. c4 e6 3. Nf3 d5 4. cxd5 exd5 5. Nc3 Bb4 6. Bg5 Nbd7 7. Qa4 Bxc3+ 8. bxc3 0-0 9. e3 Re8 10. Bd3 h6 11. Bh4 c5 12. 0-0 c4 13. Bc2 a6 14. Rab1 Rb8 15. Nd2 b5 16. Qa3 Rb6 17. Rfe1 Bb7 18. f3 Qa8 19. Qa5 Rbe6 20. Bf2 Nb8 21. a4 Nc6 22. Qc7 Na7 23. Qf4 bxa4 24. Bxa4 Bc6 25. Bc2 Nb5 26. Bf5 R6e7 27. Rbc1 Qb8 28. Qh4 Qb6 29. e4 Nd6 30. Qf4 Nxf5 31. Qxf5 Bd7 32. Qf4 g5 33. Qe3 Nh5 34. Bg3 Qg6 35. Qf2 Bc6 36. exd5 Bxd5 37. Rxe7 Rxe7 38. Re1 Rxe1+ 39. Qxe1 Qd3 40. Qe8+ Kh7 41. Be5 f6 42. Qd7+ Kg6 43. Qxd5 Qxd2 44. Qe4+ Kg7 45. Qb7+ Kg6 46. Qe4+ Kg7 47. g4 Nf4 48. Bxf4 gxf4 49. Qe7+ Kg6 50. Qe8+ Kg7 51. Qd7+ Kg6 52. Qd5 Qe1+ 53. Kg2 Qe2+ 1/2-1/2

[Event "Pan American Intercollegiate-chT"]
[Site "South Padre Island"]
[Date "2014.12.27"]
[Round "1.7"]
[White "Kosintseva, Nadezhda"]
[Black "Griggs, Walker K"]
[Result "1/2-1/2"]
[WhiteElo "2489"]
[BlackElo "2254"]
[PlyCount "179"]
[EventDate "2014.12.27"]
[EventType "team-swiss"]
[EventRounds "6"]
[EventCountry "USA"]
[SourceTitle "CBM 164 Extra"]
[Source "ChessBase"]
[SourceDate "2015.03.02"]
[SourceVersion "1"]
[SourceVersionDate "2015.03.02"]
[SourceQuality "1"]
[WhiteTeam "Dallas UT II"]
[BlackTeam "OBER"]
[WhiteTeamCountry "USA"]
[BlackTeamCountry "USA"]

1. e4 c5 2. c3 d5 3. exd5 Qxd5 4. d4 Nf6 5. Be3 Bg4 6. f3 Bf5 7. Nd2 cxd4 8. cxd4 Nc6 9. Bc4 Qd7 10. Ne2 e6 11. 0-0 Bd6 12. Rc1 0-0 13. Bb5 Rac8 14. Nc4 Nd5 15. Bf2 a6 16. Ba4 b5 17. Nxd6 Qxd6 18. Bb3 Ncb4 19. Ng3 Bd3 20. Re1 Bc4 21. Ne4 Qb6 22. Nc5 Bxb3 23. Qxb3 Rfd8 24. Re2 Nc6 25. Rec2 Ncb4 26. Rd2 Nc6 27. Qd1 Nce7 28. Qe1 a5 29. a3 a4 30. Rdc2 Rc6 31. b3 axb3 32. Rb2 Rc7 33. Rxb3 Ra7 34. Rcb1 Qc6 35. Nd3 Qd6 36. Bg3 Qa6 37. Nc5 Qc6 38. Bf2 Nf5 39. Rc1 Qa8 40. Ra1 Nd6 41. Bh4 Rc8 42. Bf2 h6 43. Ne4 Nc4 44. Rxb5 Rxa3 45. Rxa3 Qxa3 46. Rc5 Ncb6 47. Rxc8+ Nxc8 48. h3 Nce7 49. Nc5 Nf4 50. Qe5 Ned5 51. Qb8+ Kh7 52. Qb1+ Ng6 53. h4 h5 54. Ne4 f6 55. Kh2 Ndf4 56. Qb7 Kh6 57. Qc7 Qa2 58. Qc1 Kh7 59. Qc7 Kh6 60. Qc1 f5 61. Qd2 Qxd2 62. Nxd2 Nd5 63. g3 Nge7 64. Nc4 Nc6 65. Kg2 Ndb4 66. Nb6 Kg6 67. Kf1 Nd5 68. Nc4 f4 69. g4 hxg4 70. fxg4 Nf6 71. Nb6 Nb4 72. Be1 Nc2 73. Bd2 Nxg4 74. Bxf4 Nxd4 75. Nd7 Kf5 76. Bg5 Nf3 77. Bd8 Nge5 78. Nc5 Nc6 79. Bc7 Nxh4 80. Kf2 g5 81. Kg3 Ng6 82. Nb3 Nf4 83. Nd2 Nd5 84. Bd6 Nc3 85. Kf3 g4+ 86. Ke3 Nd5+ 87. Ke2 Nd4+ 88. Kf2 Nb5 89. Bb8 Ndc7 90. Nf1 1/2-1/2

[Event "Richardson UTD Fall op"]
[Site "Richardson"]
[Date "2014.11.25"]
[Round "7"]
[White "Hambleton, Aman"]
[Black "Kosintseva, Nadezhda"]
[Result "1/2-1/2"]
[WhiteElo "2454"]
[BlackElo "2517"]
[PlyCount "180"]
[EventDate "2014.11.21"]
[EventType "swiss"]
[EventRounds "9"]
[EventCountry "USA"]
[SourceTitle "CBM 163 Extra"]
[Source "ChessBase"]
[SourceDate "2014.12.23"]
[SourceVersion "1"]
[SourceVersionDate "2014.12.23"]
[SourceQuality "1"]

1. d4 e6 2. c4 Bb4+ 3. Bd2 Bxd2+ 4. Qxd2 Nf6 5. Nc3 d5 6. Nf3 0-0 7. Rc1 Nc6 8. g3 dxc4 9. Bg2 Rb8 10. 0-0 b5 11. Rfd1 a6 12. e4 b4 13. Na4 Nxe4 14. Qe2 Nd6 15. Ne5 Na5 16. Nc5 Rb6 17. h4 f6 18. Nf3 Re8 19. Bh3 Nb5 20. a4 bxa3 21. bxa3 Rd6 22. a4 Nxd4 23. Nxd4 Rxd4 24. Bxe6+ Bxe6 25. Nxe6 Rxd1+ 26. Rxd1 Qe7 27. Re1 Qf7 28. f4 Qd7 29. f5 Nb7 30. Qxc4 Nd6 31. Qd5 Kh8 32. Rc1 Rc8 33. Rc6 h6 34. Rxa6 c6 35. Qd4 Qb7 36. Rb6 Qe7 37. Qc5 Qd7 38. Qd4 Qe7 39. Qc5 Qd7 40. a5 Nb7 41. Qc3 Qd1+ 42. Kh2 Qe2+ 43. Kh3 Nd6 44. Rxc6 Qf1+ 45. Kh2 Qf2+ 46. Kh1 Rb8 47. Rb6 Qf1+ 48. Kh2 Qf2+ 49. Kh1 Rxb6 50. axb6 Qxf5 51. Qe3 Nc4 52. b7 Qb1+ 53. Qg1 Qxb7+ 54. Qg2 Qc8 55. Qd5 Ne5 56. Qd8+ Qxd8 57. Nxd8 Kh7 58. h5 Kg8 59. Kg2 Kf8 60. Ne6+ Kf7 61. Nd4 Nd7 62. Nf5 Nc5 63. Kf3 Ne6 64. Ke4 Nc5+ 65. Kf3 Na4 66. Ke4 Nc3+ 67. Kf3 Nd5 68. Ke4 Ne7 69. Nd4 g6 70. hxg6+ Kxg6 71. Ne6 Nc6 72. Kf4 Nb4 73. Nd4 Nd3+ 74. Ke3 Nc5 75. Kf4 h5 76. Nc2 Ne6+ 77. Ke4 Kg5 78. Ne3 Ng7 79. Kf3 Nf5 80. Nd5 Nd4+ 81. Ke4 Nc6 82. Kf3 f5 83. Ke3 Ne5 84. Kf2 Nd7 85. Kf3 Nc5 86. Ke3 Kg4 87. Nf6+ Kg5 88. Nd5 Nd7 89. Kf3 Ne5+ 90. Ke3 Nd7 1/2-1/2

[Event "Richardson UTD Fall op"]
[Site "Richardson"]
[Date "2014.11.23"]
[Round "5"]
[White "Camacho, Chardine Cheradee"]
[Black "Kosintseva, Nadezhda"]
[Result "0-1"]
[WhiteElo "2170"]
[BlackElo "2517"]
[PlyCount "90"]
[EventDate "2014.11.21"]
[EventType "swiss"]
[EventRounds "9"]
[EventCountry "USA"]
[SourceTitle "CBM 163 Extra"]
[Source "ChessBase"]
[SourceDate "2014.12.23"]
[SourceVersion "1"]
[SourceVersionDate "2014.12.23"]
[SourceQuality "1"]

1. e4 c5 2. Nf3 Nc6 3. d4 cxd4 4. Nxd4 Nf6 5. Nc3 d6 6. Be2 g6 7. Be3 Bg7 8. 0-0 0-0 9. Nb3 a6 10. f4 Bd7 11. Bf3 Rc8 12. Nd5 Nxd5 13. exd5 Na5 14. Nxa5 Qxa5 15. c3 b5 16. a3 Qc7 17. Qd2 a5 18. Bd4 Bxd4+ 19. Qxd4 Qc5 20. Rad1 Rfe8 21. Rfe1 Rc7 22. Kf2 h5 23. Re3 Bf5 24. h3 h4 25. Be4 Bd7 26. Bb1 Qxd4 27. Rxd4 Kg7 28. Bd3 Kf6 29. Be2 Rb8 30. Bg4 Be8 31. f5 g5 32. Rde4 Rcb7 33. Be2 Rc8 34. g3 hxg3+ 35. Rxg3 Bd7 36. Rf3 Rh8 37. Bd3 Rc7 38. Re6+ fxe6 39. fxe6+ Kg7 40. Rf7+ Kg8 41. Rxe7 Kf8 42. Rf7+ Ke8 43. Kg1 Kd8 44. e7+ Ke8 45. Bg6 Rh6 0-1

[Event "World-ch (Women) k.o."]
[Site "Khanty-Mansiysk"]
[Date "2012.11.18"]
[Round "3.6"]
[White "Kosintseva, Nadezhda"]
[Black "Kosintseva, Tatiana"]
[Result "1/2-1/2"]
[WhiteElo "2539"]
[BlackElo "2515"]
[PlyCount "96"]
[EventDate "2012.11.11"]
[EventType "k.o."]
[EventRounds "6"]
[EventCountry "RUS"]
[SourceTitle "CBM 152"]
[Source "ChessBase"]
[SourceDate "2013.01.15"]
[SourceVersion "1"]
[SourceVersionDate "2013.01.15"]
[SourceQuality "1"]

1. c4 Nf6 2. Nc3 e5 3. g3 Bb4 4. Bg2 0-0 5. Nf3 Re8 6. 0-0 c6 7. d3 h6 8. Ne4 Na6 9. Nxf6+ Qxf6 10. e4 d6 11. h3 Bc5 12. a3 Nc7 13. b4 Bb6 14. Bb2 Ne6 15. Kh2 c5 16. Ne1 cxb4 17. axb4 Bd4 18. Bxd4 Nxd4 19. Nf3 Nxf3+ 20. Qxf3 Qxf3 21. Bxf3 Be6 22. Bg4 Bxg4 23. hxg4 a6 24. Ra5 f6 25. Kg2 Kf7 26. Kf3 Rac8 27. Ke3 Rc7 28. Rb1 Ke7 29. Ra3 Kd7 30. b5 axb5 31. Rxb5 Rb8 32. Rab3 Kc8 33. Ra3 Rc6 34. f4 Kc7 35. Kf3 Ra6 36. Rc3 b6 37. g5 hxg5 38. fxg5 fxg5 39. Kg4 Ra1 40. Rcb3 Rg1 41. Rb1 Rg2 42. Rf1 Kc6 43. Rf3 Rh8 44. Kxg5 Rh3 45. Kg4 Rh6 46. Kg5 Rh3 47. Kg4 Rh6 48. Kg5 Rh3 1/2-1/2

[Event "World-ch (Women) k.o."]
[Site "Khanty-Mansiysk"]
[Date "2012.11.17"]
[Round "3.6"]
[White "Kosintseva, Tatiana"]
[Black "Kosintseva, Nadezhda"]
[Result "1/2-1/2"]
[WhiteElo "2515"]
[BlackElo "2539"]
[PlyCount "129"]
[EventDate "2012.11.11"]
[EventType "k.o."]
[EventRounds "6"]
[EventCountry "RUS"]
[SourceTitle "CBM 152"]
[Source "ChessBase"]
[SourceDate "2013.01.15"]
[SourceVersion "1"]
[SourceVersionDate "2013.01.15"]
[SourceQuality "1"]

1. e4 c6 2. d4 d5 3. Nc3 dxe4 4. Nxe4 Bf5 5. Ng3 Bg6 6. Nf3 Nd7 7. h4 h6 8. h5 Bh7 9. Bd3 Bxd3 10. Qxd3 e6 11. Bd2 Ngf6 12. 0-0-0 Be7 13. Kb1 0-0 14. Qe2 Qb6 15. c4 Rfe8 16. Ne5 Rad8 17. Be3 c5 18. dxc5 Bxc5 19. Nxd7 Nxd7 20. Rhe1 Nf6 21. Bxc5 Qxc5 22. b3 a5 23. Qe3 Qc6 24. Qf3 Qc5 25. Qe3 Qb4 26. Kb2 a4 27. a3 Qxb3+ 28. Qxb3 axb3 29. Kxb3 Kf8 30. f3 Rxd1 31. Rxd1 Ke7 32. Re1 Kd6 33. Kb4 Kc7 34. Re5 Rd8 35. Ne4 Rd1 36. Nxf6 gxf6 37. Re3 Kc6 38. g4 Rd4 39. a4 Rf4 40. a5 f5 41. Ra3 fxg4 42. fxg4 Rxg4 43. a6 bxa6 44. Rxa6+ Kb7 45. Rd6 Rg5 46. Rd7+ Kc6 47. Rxf7 Rxh5 48. Ra7 Re5 49. Kc3 h5 50. Kd4 Rg5 51. Ra6+ Kd7 52. c5 Rd5+ 53. Kc4 Ke7 54. c6 Re5 55. Kd4 Re1 56. Ra5 Kd6 57. Rxh5 Kxc6 58. Re5 Rd1+ 59. Ke4 Kd6 60. Ra5 Re1+ 61. Kd3 e5 62. Ra8 Rh1 63. Ke4 Rh4+ 64. Ke3 Rh3+ 65. Ke4 1/2-1/2

[Event "World-ch (Women) k.o."]
[Site "Khanty-Mansiysk"]
[Date "2012.11.16"]
[Round "2.1"]
[White "Kosintseva, Nadezhda"]
[Black "Mkrtchian, Lilit"]
[Result "1-0"]
[WhiteElo "2539"]
[BlackElo "2457"]
[PlyCount "127"]
[EventDate "2012.11.11"]
[EventType "k.o."]
[EventRounds "6"]
[EventCountry "RUS"]
[SourceTitle "CBM 152"]
[Source "ChessBase"]
[SourceDate "2013.01.15"]
[SourceVersion "1"]
[SourceVersionDate "2013.01.15"]
[SourceQuality "1"]

1. e4 e6 2. d4 d5 3. Nc3 Bb4 4. e5 b6 5. Bd2 Ba6 6. Bxa6 Nxa6 7. Qg4 Bf8 8. Nge2 Qd7 9. 0-0 Ne7 10. Ng3 g6 11. Bg5 h5 12. Qe2 Nb4 13. Bf6 Rh7 14. Rfd1 Ng8 15. Bg5 Be7 16. Bxe7 Nxe7 17. Nf1 Nf5 18. Nb5 a6 19. Na3 Nc6 20. c3 Rh8 21. Nc2 Kf8 22. Nfe3 Nce7 23. c4 c6 24. Rac1 Kg7 25. Nxf5+ Nxf5 26. Ne3 Nxe3 27. fxe3 Rhc8 28. c5 b5 29. Rf1 Rh8 30. Rf6 Raf8 31. Rcf1 Qe7 32. Qf3 Qe8 33. Qf4 Qe7 34. Qh4 Qe8 35. R6f2 a5 36. Rf4 Kg8 37. Qf6 Rh7 38. Qh4 Qd8 39. Rf6 Qe8 40. Qg5 Kg7 41. h3 Rhh8 42. R1f3 Rh7 43. Rg3 Qd7 44. Qf4 Qe8 45. Rg5 Qe7 46. e4 Rd8 47. Rg3 Rhh8 48. Qg5 Qe8 49. Rgf3 Rf8 50. R6f4 dxe4 51. Rxe4 Rd7 52. Kh2 Qd8 53. Qe3 Qe8 54. Ref4 Re7 55. Rf2 Qd7 56. Qc3 a4 57. b3 axb3 58. axb3 Ra8 59. Qg3 Ra7 60. Rh4 Kf8 61. Qxg6 Qd5 62. Rxh5 Ke8 63. Rh8+ Kd7 64. Rxf7 1-0

[Event "World-ch (Women) k.o."]
[Site "Khanty-Mansiysk"]
[Date "2012.11.16"]
[Round "2.1"]
[White "Mkrtchian, Lilit"]
[Black "Kosintseva, Nadezhda"]
[Result "1/2-1/2"]
[WhiteElo "2457"]
[BlackElo "2539"]
[PlyCount "62"]
[EventDate "2012.11.11"]
[EventType "k.o."]
[EventRounds "6"]
[EventCountry "RUS"]
[SourceTitle "CBM 152"]
[Source "ChessBase"]
[SourceDate "2013.01.15"]
[SourceVersion "1"]
[SourceVersionDate "2013.01.15"]
[SourceQuality "1"]

1. c4 e5 2. Nc3 Nf6 3. Nf3 Nc6 4. g3 d5 5. cxd5 Nxd5 6. Bg2 Nb6 7. 0-0 Be7 8. a3 0-0 9. b4 Be6 10. d3 Nd4 11. Bb2 Nxf3+ 12. Bxf3 c6 13. Rb1 f6 14. Ba1 Nd5 15. Ne4 b6 16. Qa4 Qd7 17. Rfc1 Rac8 18. Qc2 Kh8 19. Rd1 Bg4 20. Bg2 Bh3 21. Bh1 Be6 22. Nd2 c5 23. b5 Qe8 24. Nc4 Qh5 25. Bg2 Rcd8 26. Rf1 Bh3 27. e4 Bxg2 28. Kxg2 Nf4+ 29. gxf4 Qg4+ 30. Kh1 Qf3+ 31. Kg1 Qg4+ 1/2-1/2

[Event "World-ch (Women) k.o."]
[Site "Khanty-Mansiysk"]
[Date "2012.11.16"]
[Round "2.4"]
[White "Mkrtchian, Lilit"]
[Black "Kosintseva, Nadezhda"]
[Result "1-0"]
[WhiteElo "2457"]
[BlackElo "2539"]
[PlyCount "127"]
[EventDate "2012.11.11"]
[EventType "k.o."]
[EventRounds "6"]
[EventCountry "RUS"]
[SourceTitle "CBM 152"]
[Source "ChessBase"]
[SourceDate "2013.01.15"]
[SourceVersion "1"]
[SourceVersionDate "2013.01.15"]
[SourceQuality "1"]

1. c4 e5 2. Nc3 Nf6 3. Nf3 Nc6 4. g3 d5 5. cxd5 Nxd5 6. Bg2 Nb6 7. 0-0 Be7 8. a3 0-0 9. b4 Be6 10. d3 Nd4 11. Bb2 Nxf3+ 12. Bxf3 c6 13. b5 cxb5 14. Nxb5 Qd7 15. a4 a6 16. Nc3 f6 17. a5 Nd5 18. d4 Nxc3 19. Bxc3 Rac8 20. Bb2 Qb5 21. Qb1 Bd5 22. Bxd5+ Qxd5 23. dxe5 fxe5 24. Ba3 Bxa3 25. Rxa3 Rfd8 26. Rb3 Qxa5 27. Rxb7 Qd5 28. Re7 Rf8 29. Qa1 Rce8 30. Rxe8 Rxe8 31. Qxa6 h6 32. Rc1 Re6 33. Qc8+ Kh7 34. Qc2+ e4 35. Rd1 Qf5 36. Qc3 Re7 37. Qd4 Qb5 38. Qe3 Qe5 39. Rd4 Re6 40. Rd7 Re8 41. Kg2 Re6 42. h4 Re8 43. Rd4 Re6 44. Rc4 Re7 45. Rc5 Qd6 46. Rc4 Qe5 47. Qd4 Qxd4 48. Rxd4 Kg6 49. Rd5 Kf6 50. g4 Ra7 51. Kg3 Ke6 52. Rb5 Rf7 53. Ra5 Rb7 54. Kf4 Rf7+ 55. Rf5 Ra7 56. Kxe4 Ra2 57. Kf3 Ra4 58. Rb5 Kf6 59. h5 Ke6 60. e4 Ra2 61. Ke3 Rc2 62. f3 Ra2 63. Kf4 Rc2 64. Rb7 1-0

[Event "World-ch (Women) k.o."]
[Site "Khanty-Mansiysk"]
[Date "2012.11.12"]
[Round "1.2"]
[White "Kosintseva, Nadezhda"]
[Black "Castrillon Gomez, Melissa"]
[Result "1-0"]
[WhiteElo "2539"]
[BlackElo "2159"]
[PlyCount "59"]
[EventDate "2012.11.11"]
[EventType "k.o."]
[EventRounds "6"]
[EventCountry "RUS"]
[SourceTitle "CBM 152"]
[Source "ChessBase"]
[SourceDate "2013.01.15"]
[SourceVersion "1"]
[SourceVersionDate "2013.01.15"]
[SourceQuality "1"]

1. e4 c5 2. Nf3 d6 3. Bb5+ Bd7 4. Bxd7+ Qxd7 5. 0-0 Nc6 6. c3 Nf6 7. d4 Nxe4 8. d5 Nb8 9. Re1 Nf6 10. Bg5 Na6 11. c4 h6 12. Bxf6 gxf6 13. Nbd2 Rg8 14. a3 h5 15. b4 Bh6 16. Ne4 Kf8 17. Ng3 cxb4 18. axb4 Nxb4 19. Qb1 a5 20. Nf5 Bf4 21. Rxe7 Qc8 22. g3 Ra6 23. Qe4 Be5 24. Nxe5 fxe5 25. Qf3 Qxf5 26. Qxf5 Kxe7 27. c5 Nxd5 28. cxd6+ Kxd6 29. Qxf7 Rb8 30. Rd1 1-0

[Event "Olympiad Women-40"]
[Site "Istanbul"]
[Date "2012.09.06"]
[Round "9.3"]
[White "Sachdev, Tania"]
[Black "Kosintseva, Nadezhda"]
[Result "1/2-1/2"]
[WhiteElo "2379"]
[BlackElo "2524"]
[PlyCount "66"]
[EventDate "2012.08.28"]
[EventType "team-swiss"]
[EventRounds "11"]
[EventCountry "TUR"]
[SourceTitle "CBM 150 Extra"]
[Source "ChessBase"]
[SourceDate "2012.10.19"]
[SourceVersion "1"]
[SourceVersionDate "2012.10.19"]
[SourceQuality "1"]
[WhiteTeam "India (W)"]
[BlackTeam "Russia (W)"]
[WhiteTeamCountry "IND"]
[BlackTeamCountry "RUS"]

1. d4 Nf6 2. c4 e6 3. Nf3 d5 4. Nc3 Bb4 5. cxd5 exd5 6. Bg5 h6 7. Bxf6 Qxf6 8. Qb3 c5 9. a3 Bxc3+ 10. Qxc3 Nd7 11. e3 b6 12. Be2 0-0 13. 0-0 Bb7 14. b3 a5 15. Bb5 Bc6 16. Bxc6 Qxc6 17. dxc5 bxc5 18. b4 axb4 19. axb4 Rxa1 20. Rxa1 Rc8 21. bxc5 Qxc5 22. Qxc5 Rxc5 23. Nd4 Ne5 24. g3 g6 25. h3 Kg7 26. Kg2 Nc6 27. Nxc6 Rxc6 28. Ra5 Rd6 29. Ra4 h5 30. h4 Kf6 31. Ra7 d4 32. exd4 Rxd4 33. Kf3 Ke5 1/2-1/2

[Event "Olympiad Women-40"]
[Site "Istanbul"]
[Date "2012.08.31"]
[Round "4.3"]
[White "Petrova, Kristyna"]
[Black "Kosintseva, Nadezhda"]
[Result "0-1"]
[WhiteElo "2298"]
[BlackElo "2524"]
[PlyCount "86"]
[EventDate "2012.08.28"]
[EventType "team-swiss"]
[EventRounds "11"]
[EventCountry "TUR"]
[SourceTitle "CBM 150 Extra"]
[Source "ChessBase"]
[SourceDate "2012.10.19"]
[SourceVersion "1"]
[SourceVersionDate "2012.10.19"]
[SourceQuality "1"]
[WhiteTeam "Czech Republic (W)"]
[BlackTeam "Russia (W)"]
[WhiteTeamCountry "CZE"]
[BlackTeamCountry "RUS"]

1. e4 e5 2. Nf3 Nc6 3. Bb5 a6 4. Ba4 Nf6 5. 0-0 Be7 6. Re1 b5 7. Bb3 0-0 8. a4 b4 9. d3 d6 10. Nbd2 Na5 11. Ba2 c5 12. c3 Rb8 13. Nf1 Bd7 14. Ne3 Qc7 15. Nd2 Be6 16. Ndc4 bxc3 17. bxc3 Rb7 18. Qc2 Rfb8 19. Nxa5 Qxa5 20. Bxe6 fxe6 21. Nc4 Qd8 22. Ba3 Bf8 23. Rab1 Qe8 24. Rxb7 Rxb7 25. h3 Nh5 26. d4 exd4 27. cxd4 Qg6 28. dxc5 Nf4 29. Ne3 dxc5 30. Kh1 Rd7 31. Rb1 Rd8 32. Rb6 h5 33. Rxa6 Rd3 34. Ra8 Qxe4 35. Rxf8+ Kxf8 36. Qxc5+ Kg8 37. Qf8+ Kh7 38. Bb2 e5 39. Qf5+ Qxf5 40. Nxf5 Rd1+ 41. Kh2 Nd3 42. Bc3 Nxf2 43. g3 Ne4 0-1

[Event "RUS-ch (Women) 62nd"]
[Site "Moscow"]
[Date "2012.08.03"]
[Round "1"]
[White "Girya, Olga"]
[Black "Kosintseva, Nadezhda"]
[Result "1/2-1/2"]
[WhiteElo "2433"]
[BlackElo "2524"]
[PlyCount "127"]
[EventDate "2012.08.03"]
[EventType "tourn"]
[EventRounds "9"]
[EventCountry "RUS"]
[EventCategory "8"]
[SourceTitle "CBM 149 Extra"]
[Source "ChessBase"]
[SourceDate "2012.08.24"]
[SourceVersion "1"]
[SourceVersionDate "2012.08.24"]
[SourceQuality "1"]

1. d4 Nf6 2. c4 e6 3. Nc3 Bb4 4. e3 0-0 5. Nge2 Re8 6. a3 Bf8 7. d5 d6 8. dxe6 Bxe6 9. Nf4 Bd7 10. Be2 Nc6 11. 0-0 Ne5 12. b3 c6 13. Bb2 a6 14. Qc2 b5 15. Rfd1 Qb6 16. Rab1 Rab8 17. Ba1 g6 18. cxb5 axb5 19. e4 Qa7 20. Bb2 Nfg4 21. Rf1 Bh6 22. Nd3 Be6 23. Nxe5 Nxe5 24. Qd1 Bf8 25. Na2 c5 26. Nc3 b4 27. axb4 Rxb4 28. Nd5 Bxd5 29. Qxd5 Qb7 30. Qxb7 Rxb7 31. Bxe5 Rxe5 32. Bc4 Ra7 33. Bd5 Ree7 34. b4 cxb4 35. Rxb4 Rec7 36. Rfb1 Be7 37. Rb6 Kg7 38. g3 Rc2 39. Rb7 Rc7 40. R7b6 Rc2 41. R1b3 Rd7 42. Rb7 Rcc7 43. Rxc7 Rxc7 44. Rb6 Rd7 45. Kg2 Bf6 46. f4 h5 47. Kf3 Bd4 48. Rc6 Kf8 49. h3 Bf6 50. Bc4 Ke7 51. Rc8 Ra7 52. g4 hxg4+ 53. hxg4 Bd4 54. Bd5 Ra3+ 55. Kg2 Rc3 56. Rb8 f6 57. Rb7+ Kd8 58. Rg7 Rc2+ 59. Kf3 Rc3+ 60. Ke2 Re3+ 61. Kd2 Rf3 62. Rxg6 Rxf4 63. Kd3 Be5 64. Rg7 1/2-1/2

[Event "Jermuk FIDE GP (Women)"]
[Site "Jermuk"]
[Date "2012.07.27"]
[Round "10"]
[White "Hou, Yifan"]
[Black "Kosintseva, Nadezhda"]
[Result "1/2-1/2"]
[WhiteElo "2617"]
[BlackElo "2516"]
[PlyCount "49"]
[EventDate "2012.07.16"]
[EventType "tourn"]
[EventRounds "11"]
[EventCountry "ARM"]
[EventCategory "11"]
[SourceTitle "CBM 150"]
[Source "ChessBase"]
[SourceDate "2012.09.14"]
[SourceVersion "1"]
[SourceVersionDate "2012.09.14"]
[SourceQuality "1"]

1. e4 e5 2. Nf3 Nc6 3. Bb5 a6 4. Ba4 Nf6 5. 0-0 Be7 6. Re1 b5 7. Bb3 0-0 8. d4 d6 9. c3 Bg4 10. d5 Na5 11. Bc2 c6 12. h3 Bc8 13. dxc6 Qc7 14. Nbd2 Qxc6 15. Nf1 Be6 16. Ng5 Bd7 17. Ng3 Rfc8 18. a3 Nc4 19. a4 Na5 20. Re2 Bf8 21. Nf3 Be6 22. Ng5 Bd7 23. Nf3 Be6 24. Ng5 Bd7 25. Nf3 1/2-1/2

[Event "Jermuk FIDE GP (Women)"]
[Site "Jermuk"]
[Date "2012.07.21"]
[Round "5"]
[White "Kosintseva, Nadezhda"]
[Black "Mkrtchian, Lilit"]
[Result "0-1"]
[WhiteElo "2516"]
[BlackElo "2450"]
[PlyCount "88"]
[EventDate "2012.07.16"]
[EventType "tourn"]
[EventRounds "11"]
[EventCountry "ARM"]
[EventCategory "11"]
[SourceTitle "CBM 150"]
[Source "ChessBase"]
[SourceDate "2012.09.14"]
[SourceVersion "1"]
[SourceVersionDate "2012.09.14"]
[SourceQuality "1"]

1. e4 e6 2. d4 d5 3. Nc3 Bb4 4. e5 c5 5. a3 Ba5 6. b4 cxd4 7. Nb5 Bc7 8. f4 Bd7 9. Nxc7+ Qxc7 10. Bd3 Ne7 11. Nf3 Ba4 12. Bb2 Nbc6 13. 0-0 Qb6 14. Kh1 Bb5 15. Bxd4 Nxd4 16. Nxd4 Bxd3 17. Qxd3 Rc8 18. Nb5 0-0 19. Nd6 Rc7 20. Rad1 a6 21. Rf3 Qc6 22. c3 Nc8 23. Rh3 h6 24. b5 Qb6 25. bxa6 bxa6 26. Qg3 Nxd6 27. exd6 Qxd6 28. Rxh6 Rfc8 29. Rh5 g6 30. Rh6 Qe7 31. Qd3 Qf6 32. Qxa6 Qxf4 33. Rh3 Rxc3 34. Rhd3 Rc1 35. h3 Qe4 36. Qb5 R8c2 37. Qb8+ Kg7 38. Qg3 Rc3 39. Kh2 Rxa3 40. Rxa3 Rxd1 41. Re3 Qd4 42. Qf3 Qa1 43. Qf4 Qf6 44. Qc7 Rf1 0-1